000 01194nam0a22003371 4500
001 RU\NLR\INFOCOMM_190\5000077817
005 20250613100709.0
010 _95000 экз.
_a5-85962-020-9
035 _a(NLR Aleph) 009355324
090 _a7828017
_c7828017
100 _a20101123d1991 |||y0rusy50 ca
101 1 _aeng
_crus
102 _aRU
105 _aa ||||000|y
200 1 _aˆThe ‰new theory of chemical bonding and chemical kinetics
_fVictor Yu. Gankin a. Yurii V. Gankin
_gTransl. from Russ. by D. Kuznetsov
210 _aL.
_cASTA
_d1991
215 _a88 с.
_cграф.
_d20 см
320 _aБиблиогр.: с. 87-88
606 _aХимическая кинетика
_xТеория
_2nlr_sh1
606 _aХимическая связь
_xТеория
_2nlr_sh1
686 _aГ511.2
_2rubbk
686 _aГ542.01
_2rubbk
700 1 _9z01790
_aGankin
_bV. J.
_gViktor Judkovič
_4070
701 1 _9z02790
_aGankin
_bJ. V.
_gJurij Victorovič
_4070
790 1 _9z01700
_aGankin
_bV. Y.
_gVictor Yu.
_4070
790 1 _9z02701
_aGankin
_bY. V.
_gYurii V.
_4070
801 1 _aRU
_bNLR
_c20101123
801 0 _aRU
_bNLR
_gPSBO
852 _aNLR
_jХ01 Д-4/236
942 _cBOOK
980 _aNB